Triple Cross / (Record no. 377958)
[ view plain ]
| 000 -LEADER | |
|---|---|
| fixed length control field | 02207cim a2200373Mi 4500 |
| 005 - DATE AND TIME OF LATEST TRANSACTION | |
| control field | 20221014112628.0 |
| 007 - PHYSICAL DESCRIPTION FIXED FIELD--GENERAL INFORMATION | |
| fixed length control field | sd fungnnuuneu |
| 008 - FIXED-LENGTH DATA ELEMENTS--GENERAL INFORMATION | |
| fixed length control field | 221012s2022 nnnn ## n eng d |
| 020 ## - INTERNATIONAL STANDARD BOOK NUMBER | |
| International Standard Book Number | 9781668611234 (audiobook) |
| Terms of availability | 40.00 |
| 040 ## - CATALOGING SOURCE | |
| Original cataloging agency | AU@ |
| Language of cataloging | eng |
| Transcribing agency | AU@ |
| Modifying agency | CTMMSN |
| 082 04 - DEWEY DECIMAL CLASSIFICATION NUMBER | |
| Classification number | [Fic] |
| Edition number | 23 |
| 100 1# - MAIN ENTRY--PERSONAL NAME | |
| Personal name | Patterson, James. |
| 9 (RLIN) | 19080 |
| 245 10 - TITLE STATEMENT | |
| Title | Triple Cross / |
| Statement of responsibility, etc | Patterson, James. |
| 250 ## - EDITION STATEMENT | |
| Edition statement | Unabridged. |
| 264 #2 - Production, Publication, Distribution, Manufacture, and Copyright Notice. | |
| Place of production, publication, distribution, manufacture | Old Saybrook, Connecticut : |
| Name of producer, publisher, distributor, manufacturer | www.micromarketing.org |
| 264 #1 - Production, Publication, Distribution, Manufacture, and Copyright Notice. | |
| Place of production, publication, distribution, manufacture | [New York, New York?] : |
| Name of producer, publisher, distributor, manufacturer | [Hachette Audio], |
| Date of production, publication, distribution, manufacture, or copyr | [2022]. |
| 300 ## - PHYSICAL DESCRIPTION | |
| Extent | 8 sound discs (approximately N/A hours) : |
| Other physical details | digital, CD audio ; |
| Dimensions | 4 3/4 in. |
| 336 ## - Content Type | |
| Content type term | spoken word |
| 337 ## - Media type | |
| Media type term | audio |
| 338 ## - Carrier type | |
| Carrier type term | audio disc |
| 344 ## - | |
| -- | digital |
| -- | optical |
| -- | rda |
| 347 ## - | |
| -- | audio file |
| -- | CD audio |
| -- | rda |
| 490 1# - SERIES STATEMENT | |
| Series statement | An Alex Cross Thriller ; |
| Volume number/sequential designation | Book 30 |
| 500 ## - GENERAL NOTE | |
| General note | [Typographic symbols and accents removed for systems compatibility.] |
| 511 1# - PARTICIPANT OR PERFORMER NOTE | |
| Participant or performer note | Read by Wayne Carr [and others]. |
| 520 ## - SUMMARY, ETC. | |
| Summary, etc | Detective Alex Cross hunts down a serial killer who targets entire families—and who will next be coming for the Crosses. A precise killer, he always moves under the cover of darkness, flawlessly triggering no alarms, leaving no physical evidence. Cross and Sampson aren’t the only ones investigating. Also in on this most intriguing case is the world’s bestselling true-crime author, who sees patterns everyone else misses. The writer, Thomas Tull, calls the Family Man murders the perfect crime story. He believes the killer may never be caught. Cross knows there is no perfect crime. And he’s going to hunt down the Family Man no matter what it takes. Until the Family Man decides to flip the narrative and bring down Cross and his family. -- Amazon. |
| 600 10 - SUBJECT ADDED ENTRY--PERSONAL NAME | |
| Personal name | Cross, Alex |
| Titles and other words associated with a name | (Fictitious character) |
| Form subdivision | Fiction. |
| 9 (RLIN) | 5715134 |
| 650 #0 - SUBJECT ADDED ENTRY--TOPICAL TERM | |
| Topical term or geographic name as entry element | African American detectives |
| Form subdivision | Fiction. |
| 9 (RLIN) | 5674223 |
| 650 #0 - SUBJECT ADDED ENTRY--TOPICAL TERM | |
| Topical term or geographic name as entry element | Murder |
| General subdivision | Investigation |
| Form subdivision | Fiction. |
| 9 (RLIN) | 5673630 |
| 655 #7 - INDEX TERM--GENRE/FORM | |
| Genre/form data or focus term | Audiobooks. |
| Source of term | lcgft |
| 700 1# - ADDED ENTRY--PERSONAL NAME | |
| Personal name | Carr, Wayne, |
| Relator term | narrator. |
| 9 (RLIN) | 6429675 |
| 800 1# - SERIES ADDED ENTRY--PERSONAL NAME | |
| Personal name | Patterson, James, |
| Dates associated with a name | 1947- |
| Title of a work | Alex Cross series. |
| 9 (RLIN) | 5674224 |
| 949 ## - LOCAL PROCESSING INFORMATION (OCLC) | |
| n | www.MicroMarketing.org 800-229-9887 |
| Withdrawn status | Lost status | Source of classification or shelving scheme | Damaged status | Not for loan | Collection code | Home library | Current library | Shelving location | Date acquired | Source of acquisition | Serial Enumeration / chronology | Total Checkouts | Total Renewals | Full call number | Barcode | Date last seen | Date checked out | Cost, replacement price | Price effective from | Koha item type |
|---|---|---|---|---|---|---|---|---|---|---|---|---|---|---|---|---|---|---|---|---|
| Dewey Decimal Classification | Audiobooks | Wasatch County Library | Wasatch County Library | Second Floor | 11/18/2022 | Micromarketing | Alex Cross Thriller #30 | 1 | 1 | CD Patterson | 34301001895525 | 12/10/2024 | 11/18/2024 | 40.00 | 11/18/2022 | Audiobook on CD |
